000 00502 a2200157 4500
020 _a0070745293 (hardcover)
020 _a9780070745292 (hardcover)
090 _c5219
_d5219
100 1 _aBovee.
245 1 0 _aManagement :
_btransparency masters /
_cBovee, Thill.
260 _a[S.l.] :
_bMcGraw Hill Higher Education,
_c1993.
300 _a1 v. (unpaged)
700 1 _aThill.
856 4 0 _3Amazon.com
_uhttp://www.amazon.com/exec/obidos/ASIN/0070745293/chopaconline-20
942 _aNBS
_cBK
_k658.4 BOV
999 _c347637
_d347637